=LDR 00000nam 2200000 4500 =001 INLIS000000000036132 =005 20161010124840.0 =006 =007 =008 Ind =035 ##$$0010-061300000036132 =041 ##$$a Ind =082 ##$$a F Rom K =090 ##$$a F Rom K, Bek t =100 ##$$a Beka =245 ##$$a The great ants = sirkus keliling, Beko dan Deeponten ; alih bahasa, Alise Suryani =260 ##$$a 2010 $b Jakarta =300 ##$$a 46 hlm, ilus, 24 cm =650 ##$$a Fiksi kartun =700 ##$$a Suryani, Alisa =850 ##$$a NBPNMAT =990 ##$$a 0001/BPAP-NTB/20142014